Biopotraviny - rarita na trhu Plodiny z ekofariem sú vo vyspelých krajinách súčasťou ponuky, u nás trpia nezáujmom obchodu

Orientácia na zdravú výživu a ekologické myslenie vo vyspelých krajinách. Produkcia biopotravín na ekofarmách. Poľnohospodárska pôda obrábaná organickým systémom v krajinách Európy. Podmienky pre možnosť pestovania bioproduktov na Slovensku. Ochrana pôdy a životného prostredia, dôležitým faktorom ho...

Descrizione completa

Salvato in:
Dettagli Bibliografici
Autore principale: Krištofičová, Dagmar
Natura: Capitolo di libro
Lingua:slovacco
Soggetti:
Tags: Aggiungi Tag
Nessun Tag, puoi essere il primo ad aggiungerne!!

MARC

LEADER 00000naa a2200000 4500
001 r017225
005 20221205102626.3
041 0 |a slo 
044 |a SK 
245 1 0 |a Biopotraviny - rarita na trhu  |b Plodiny z ekofariem sú vo vyspelých krajinách súčasťou ponuky, u nás trpia nezáujmom obchodu  |c Dagmar Krištofičová 
520 |a Orientácia na zdravú výživu a ekologické myslenie vo vyspelých krajinách. Produkcia biopotravín na ekofarmách. Poľnohospodárska pôda obrábaná organickým systémom v krajinách Európy. Podmienky pre možnosť pestovania bioproduktov na Slovensku. Ochrana pôdy a životného prostredia, dôležitým faktorom hospodárenia. Dotácie Ministerstva poľnohospodárstva SR organicky hospodáriacim družstvám. Ochranná známka EKO, ktorá zaručuje kvalitu bioproduktu. Podiel bioproduktov na trhu vo vyspelých krajinách. 
610 2 0 |a bioprodukty 
610 2 0 |a známky ochranné 
610 2 0 |a poľnohospodárstvo alternatívne 
610 2 0 |a výživa 
610 2 0 |a potraviny 
610 2 0 |a normy medzinárodné 
610 2 0 |a pôda poľnohospodárska 
610 2 0 |a ekologizácia 
610 2 0 |a dotácie 
610 2 0 |a Slovensko 
100 1 |a Krištofičová, Dagmar